Turn of the century glass : the Murray Collection of Glass /

Bibliographic Details
Corporate Author: Currier Gallery of Art
Other Authors: Zimmerman, Philip D., Gardner, Paul Vickers, 1908-1994
Format: Book
Language:English
Published: Manchester, N.H. : Currier Gallery of Art ; [1983]
Subjects:

MARC

Tag First Indicator Second Indicator Subfields
LEADER 00000pam a2200000 a 4500
001 in00000511696
005 20151013080121.0
008 830819s1983 nhua bc 00000 eng
010 |a  83040054  
020 |a 0874512808 (pbk.) :  |c $17.50 
035 |a (OCoLC)09894638 
035 |9 ACE9387AM 
039 0 |a 2  |b 3  |c 3  |d 3  |e 3 
040 |a DLC  |c DLC  |d TXA  |d UtOrBLW 
043 |a n-us--- 
049 |a TXAM 
050 0 0 |a NK5109.85.A7  |b T8 1983 
082 0 |a 748.29/048  |2 19 
245 0 0 |a Turn of the century glass :  |b the Murray Collection of Glass /  |c edited by Philip D. Zimmerman ; with an introduction by Paul V. Gardner. 
264 1 |a Manchester, N.H. :  |b Currier Gallery of Art ;  |c [1983] 
264 2 |a Hanover, N.H. :  |b Distributed by the University Press of New England, 
264 4 |c ©1983 
300 |a 96 pages :  |b illustrations (some color) ;  |c 29 cm. 
336 |a text  |b txt  |2 rdacontent 
337 |a unmediated  |b n  |2 rdamedia 
338 |a volume  |b nc  |2 rdacarrier 
504 |a Bibliography: page 13. 
600 1 0 |a Murray, Sophie  |x Art collections  |x Exhibitions. 
650 0 |a Glassware  |x History  |y 19th century  |x Exhibitions. 
650 0 |a Decoration and ornament  |x Art nouveau  |v Exhibitions. 
650 0 |a Glassware  |x Private collections  |z United States  |x Exhibitions. 
700 1 |a Zimmerman, Philip D. 
700 1 |a Gardner, Paul Vickers,  |d 1908-1994. 
710 2 |a Currier Gallery of Art. 
999 |a MARS 
999 f f |s c7a78db7-bf30-3af6-921e-34de8204f92c  |i 9b3d2d1a-6693-361e-a28e-8102f66c467d  |t 0 
952 f f |p normal  |a Texas A&M University  |b College Station  |c Sterling C. Evans Library  |d Evans: Library Stacks  |t 0  |e NK5109.85.A7 T8 1983  |h Library of Congress classification  |i unmediated -- volume  |m A14807948573 
998 f f |a NK5109.85.A7 T8 1983  |t 0  |l Evans: Library Stacks